[Event "Christmas op"]
[Site "Toronto CAN"]
[Date "2000.12.29"]
[Round "4"]
[White "Cohen, David"]
[Black "Verde, Pino"]
[Result "1-0"]
[WhiteElo "2015"]
[BlackElo "1860"]
[PlyCount "49"]
[GameId "2160767911627373"]
[EventDate "2000.12.26"]
[EventType "swiss"]
[EventRounds "6"]
[EventCountry "CAN"]

1. e4 e6 2. d4 b6 3. Nf3 Bb7 4. Bd3 c5 5. Be3 Nf6 6. Nc3 cxd4 7. Nxd4 Nc6 8. O-O Be7 9. f4 d5 10. e5 Nd7 11. Nxe6 fxe6 12. Qh5+ Kf8 13. f5 Ncxe5 14. fxe6+ Nf6 15. Qxe5 Qd6 16. Qxd6 Bxd6 17. Nb5 Ke7 18. Nd4 Bxh2+ 19. Kxh2 Ng4+ 20. Kg1 Nxe3 21. Rf7+ Kd6 22. Rxb7 g6 23. Rd7+ Kc5 24. c3 Ng4 25. b4# 1-0

[Event "Christmas op"]
[Site "Toronto CAN"]
[Date "2000.12.29"]
[Round "4"]
[White "Dutton, Warren"]
[Black "Sviridovitch, Slava"]
[Result "1-0"]
[WhiteElo "2077"]
[BlackElo "2002"]
[PlyCount "71"]
[GameId "2160767911627374"]
[EventDate "2000.12.26"]
[EventType "swiss"]
[EventRounds "6"]
[EventCountry "CAN"]
[SourceTitle "EXT 2022"]
[Source "ChessBase"]
[SourceDate "2021.10.06"]
[SourceVersion "1"]
[SourceVersionDate "2021.10.06"]
[SourceQuality "1"]

1. e4 g6 2. f4 Bg7 3. Nf3 d5 4. e5 c5 5. d3 Nh6 6. g3 Nc6 7. Bg2 Nf5 8. c3 h5 9. O-O h4 10. Qe1 hxg3 11. hxg3 Nh6 12. Na3 Ng4 13. Ng5 Bf5 14. e6 fxe6 15. Nxe6 Bxe6 16. Qxe6 Nf6 17. Re1 Qd7 18. Nb5 Rd8 19. f5 a6 20. fxg6 Rf8 21. Na3 Qxe6 22. Rxe6 Rd6 23. Rxd6 exd6 24. Bf4 Kd7 25. Re1 Nh5 26. Bg5 Ne5 27. Bxd5 Nxg6 28. Kg2 Be5 29. Rh1 Nf6 30. Bxf6 Rxf6 31. Bxb7 a5 32. Nc4 a4 33. Be4 Ke6 34. Bxg6 Rxg6 35. Nxe5 Kxe5 36. Rh4 1-0

[Event "Christmas op"]
[Site "Toronto CAN"]
[Date "2000.12.29"]
[Round "4"]
[White "Golts, Roman"]
[Black "Nahutin, Yevgeni"]
[Result "1-0"]
[WhiteElo "2303"]
[BlackElo "2046"]
[PlyCount "54"]
[GameId "2160767911627375"]
[EventDate "2000.12.26"]
[EventType "swiss"]
[EventRounds "6"]
[EventCountry "CAN"]
[SourceTitle "EXT 2022"]
[Source "ChessBase"]
[SourceDate "2021.10.06"]
[SourceVersion "1"]
[SourceVersionDate "2021.10.06"]
[SourceQuality "1"]

1. e4 e5 2. Nf3 Nc6 3. Bb5 a6 4. Ba4 Nf6 5. O-O b5 6. Bb3 Bc5 7. d3 d6 8. c3 O-O 9. Bg5 h6 10. Bh4 Be6 11. Bc2 Bg4 12. Nbd2 g5 13. Bg3 Nh5 14. Kh1 Kg7 15. Qe1 Qd7 16. Ng1 Rae8 17. f3 Be6 18. Nb3 Bb6 19. Qd2 f5 20. d4 Bf7 21. dxe5 f4 22. Bf2 Bxf2 23. Qxf2 Nxe5 24. Nd2 Nc4 25. Nxc4 Bxc4 26. Bb3 Kh8 27. Bxc4 bxc4 1-0

[Event "Christmas op"]
[Site "Toronto CAN"]
[Date "2000.12.29"]
[Round "4"]
[White "Love, Robert"]
[Black "Srinivasan, Gajana"]
[Result "1-0"]
[WhiteElo "1655"]
[BlackElo "1660"]
[PlyCount "49"]
[GameId "2160767911627376"]
[EventDate "2000.12.26"]
[EventType "swiss"]
[EventRounds "6"]
[EventCountry "CAN"]
[SourceTitle "EXT 2022"]
[Source "ChessBase"]
[SourceDate "2021.10.06"]
[SourceVersion "1"]
[SourceVersionDate "2021.10.06"]
[SourceQuality "1"]

1. d4 d5 2. c4 Nf6 3. g3 e6 4. Bg2 dxc4 5. Nf3 c5 6. O-O Nc6 7. Ne5 Nxe5 8. dxe5 Qxd1 9. Rxd1 Nd5 10. Nc3 Nxc3 11. bxc3 Be7 12. Rb1 Rb8 13. Bc6+ Kf8 14. Ba3 f6 15. Bxc5 Kf7 16. Bd6 Ra8 17. Bxb7 Bxb7 18. Rxb7 Rhe8 19. Bc5 Kf8 20. Rdd7 Bxc5 21. Rf7+ Kg8 22. Rxg7+ Kh8 23. Rxh7+ Kg8 24. Rbg7+ Kf8 25. exf6 1-0

[Event "Christmas op"]
[Site "Toronto CAN"]
[Date "2000.12.29"]
[Round "4"]
[White "Tipu, Vincent"]
[Black "Miletic, Damir"]
[Result "0-1"]
[WhiteElo "2295"]
[BlackElo "2220"]
[PlyCount "52"]
[GameId "2160767911627377"]
[EventDate "2000.12.26"]
[EventType "swiss"]
[EventRounds "6"]
[EventCountry "CAN"]
[SourceTitle "EXT 2022"]
[Source "ChessBase"]
[SourceDate "2021.10.06"]
[SourceVersion "1"]
[SourceVersionDate "2021.10.06"]
[SourceQuality "1"]

1. e4 e5 2. Nf3 Nc6 3. Bb5 a6 4. Ba4 d6 5. c3 f5 6. exf5 Bxf5 7. O-O Bd3 8. Re1 Be7 9. Bc2 Bxc2 10. Qxc2 Nf6 11. d4 e4 12. Ng5 d5 13. f3 h6 14. Nh3 O-O 15. fxe4 Nxe4 16. Nd2 Bh4 17. g3 Nxg3 18. hxg3 Bxg3 19. Rf1 Qh4 20. Kg2 Bd6 21. Qg6 Ne7 22. Qe6+ Kh8 23. Rf2 Rxf2+ 24. Nxf2 Qh2+ 25. Kf1 Rf8 26. Ke1 Rxf2 0-1

[Event "Christmas op"]
[Site "Toronto CAN"]
[Date "2000.12.30"]
[Round "5"]
[White "Cohen, David"]
[Black "Mesiti, Silvano"]
[Result "1/2-1/2"]
[WhiteElo "2015"]
[BlackElo "1710"]
[PlyCount "86"]
[GameId "2160767911627378"]
[EventDate "2000.12.26"]
[EventType "swiss"]
[EventRounds "6"]
[EventCountry "CAN"]

1. e4 e5 2. Nf3 d6 3. Bc4 Be7 4. O-O Nf6 5. Nc3 O-O 6. d4 exd4 7. Qxd4 Nc6 8. Qe3 Ng4 9. Qe2 Nf6 10. Bf4 Bg4 11. h3 Nd4 12. Qd3 Nxf3+ 13. Kh1 Ne5 14. Bxe5 dxe5 15. hxg4 Nxg4 16. Qg3 Nf6 17. Rad1 Bd6 18. Rd3 Nh5 19. Qg4 Nf6 20. Qg5 Nd7 21. Qf5 Nb6 22. Bb3 Qf6 23. Qxf6 gxf6 24. Rg3+ Kh8 25. Rd1 a6 26. Rdd3 Bc5 27. Rdf3 Be7 28. Rf5 Rg8 29. Rh3 Rg7 30. Nd1 a5 31. a3 a4 32. Ba2 Rd8 33. Ne3 Rd2 34. Rfh5 Rxf2 35. Nf5 Rxf5 36. Rxf5 Kg8 37. Rfh5 Nd7 38. Bd5 c6 39. Bc4 Nc5 40. Bd3 Ne6 41. g3 Ng5 42. Rh2 Nf3 43. Rg2 Ne1 1/2-1/2

[Event "Christmas op"]
[Site "Toronto CAN"]
[Date "2000.12.30"]
[Round "5"]
[White "Dubeau, Jason"]
[Black "Stamoudis, Chrysafis"]
[Result "1-0"]
[WhiteElo "1659"]
[BlackElo "1680"]
[PlyCount "31"]
[GameId "2160767911627379"]
[EventDate "2000.12.26"]
[EventType "swiss"]
[EventRounds "6"]
[EventCountry "CAN"]
[SourceTitle "EXT 2022"]
[Source "ChessBase"]
[SourceDate "2021.10.06"]
[SourceVersion "1"]
[SourceVersionDate "2021.10.06"]
[SourceQuality "1"]

1. d4 f5 2. e3 Nf6 3. Nf3 g6 4. Nc3 Bg7 5. Bd3 O-O 6. Ne2 d6 7. Bc4+ Kh8 8. Ng5 Qe8 9. Nf4 b5 10. Be6 Bb7 11. d5 h6 12. h4 hxg5 13. hxg5+ Nh7 14. Qf3 Be5 15. Rxh7+ Kxh7 16. Qh3+ 1-0

[Event "Christmas op"]
[Site "Toronto CAN"]
[Date "2000.12.30"]
[Round "5"]
[White "Srinivasan, Gajana"]
[Black "Buzdon, Paul"]
[Result "1-0"]
[WhiteElo "1660"]
[BlackElo "1630"]
[PlyCount "43"]
[GameId "2160767911627382"]
[EventDate "2000.12.26"]
[EventType "swiss"]
[EventRounds "6"]
[EventCountry "CAN"]
[SourceTitle "EXT 2022"]
[Source "ChessBase"]
[SourceDate "2021.10.06"]
[SourceVersion "1"]
[SourceVersionDate "2021.10.06"]
[SourceQuality "1"]

1. e4 c5 2. Nf3 d6 3. d4 cxd4 4. Nxd4 Nf6 5. Nc3 a6 6. Bd3 g6 7. Be3 Bg7 8. Qd2 O-O 9. f3 b5 10. O-O-O Bb7 11. g4 Nbd7 12. h4 h5 13. Rhg1 Nc5 14. gxh5 Nxd3+ 15. cxd3 Nxh5 16. Bh6 Bxd4 17. Rg5 Bf6 18. Rxh5 gxh5 19. Qf4 e6 20. Rg1+ Kh7 21. Bxf8 Bxc3 22. Qh6# 1-0

[Event "Christmas op"]
[Site "Toronto CAN"]
[Date "2000.12.30"]
[Round "5"]
[White "Yee, Lorne"]
[Black "Golts, Roman"]
[Result "1-0"]
[WhiteElo "2214"]
[BlackElo "2303"]
[PlyCount "75"]
[GameId "2160767911627383"]
[EventDate "2000.12.26"]
[EventType "swiss"]
[EventRounds "6"]
[EventCountry "CAN"]
[SourceTitle "EXT 2022"]
[Source "ChessBase"]
[SourceDate "2021.10.06"]
[SourceVersion "1"]
[SourceVersionDate "2021.10.06"]
[SourceQuality "1"]

1. d4 Nf6 2. Nf3 e6 3. Bf4 b6 4. e3 Bb7 5. Be2 d6 6. h3 Nbd7 7. O-O Be7 8. c4 O-O 9. Nc3 Ne4 10. Nxe4 Bxe4 11. Nd2 Bb7 12. Qc2 c5 13. dxc5 Nxc5 14. b4 Nd7 15. Bf3 Bxf3 16. Nxf3 Qc8 17. Qb3 Nf6 18. Rfd1 d5 19. Rac1 Qb7 20. b5 a6 21. a4 dxc4 22. Rxc4 Nd5 23. Bg3 axb5 24. axb5 Ra3 25. Qc2 Rfa8 26. e4 Nb4 27. Rc7 Nxc2 28. Rxb7 Bc5 29. Rdd7 Rf8 30. Kh2 Raa8 31. Ng5 Rad8 32. Rxd8 Rxd8 33. Nxf7 Rf8 34. Ng5 Bxf2 35. Be5 Bd4 36. Rxg7+ Kh8 37. Rxh7+ Kg8 38. Rh8# 1-0

[Event "Christmas op"]
[Site "Toronto CAN"]
[Date "2000.12.30"]
[Round "6"]
[White "Zarajsek, Aljosa"]
[Black "Cohen, David"]
[Result "1-0"]
[WhiteElo "2008"]
[BlackElo "2015"]
[PlyCount "75"]
[GameId "2160767911627384"]
[EventDate "2000.12.26"]
[EventType "swiss"]
[EventRounds "6"]
[EventCountry "CAN"]

1. e4 e5 2. Nf3 Nc6 3. Bb5 a6 4. Bxc6 dxc6 5. O-O Be6 6. d4 exd4 7. Nxd4 Qd7 8. Be3 O-O-O 9. Qe2 Bg4 10. f3 Bh5 11. c4 c5 12. Nb3 b6 13. Nc3 Bd6 14. Rfd1 f6 15. Rd2 Ne7 16. Rad1 Qe6 17. a4 Rd7 18. Nd5 Nxd5 19. cxd5 Qe5 20. g4 Be8 21. Qxa6+ Kd8 22. a5 g5 23. Qa8+ Ke7 24. a6 Rd8 25. Qb7 Bd7 26. Nc1 Kf7 27. Nd3 Qe8 28. a7 h5 29. gxh5 Rxh5 30. Rg2 Qh8 31. f4 c4 32. e5 fxe5 33. fxe5 Bf5 34. Rf1 g4 35. exd6 cxd3 36. Qxc7+ Kg6 37. Rxg4+ Bxg4 38. Qf7# 1-0

[Event "DCC Back to School"]
[Site "Toronto CAN"]
[Date "2000.09.06"]
[Round "1"]
[White "Cohen, David"]
[Black "Revich, Dan"]
[Result "1-0"]
[WhiteElo "1966"]
[BlackElo "1576"]
[PlyCount "115"]
[GameId "2160767911652515"]
[EventDate "2000.09.06"]
[EventType "swiss"]
[EventRounds "5"]
[EventCountry "CAN"]

1. e4 e5 2. Nf3 Nc6 3. Bb5 Nf6 4. O-O Bc5 5. Nc3 Nd4 6. Nxe5 Nxb5 7. Nxb5 d6 8. Nf3 Nxe4 9. d4 Bd7 10. Re1 d5 11. Nc3 Bb4 12. Bg5 f6 13. Nxe4 Bxe1 14. Nxf6+ gxf6 15. Qxe1+ Kf8 16. Bh6+ Kf7 17. Qe3 Bg4 18. Nh4 Re8 19. Qg3 f5 20. Nxf5 Bxf5 21. Qg7+ Ke6 22. Qe5+ Kf7 23. Qxf5+ Qf6 24. Qxh7+ Ke6 25. Bg7 Qg5 26. Qh6+ Qxh6 27. Bxh6 Kf5 28. Be3 a5 29. Kf1 Ra6 30. Ke2 c5 31. Kd3 c4+ 32. Kd2 Rg6 33. g3 Rh8 34. h4 b5 35. Rh1 Kg4 36. Ke2 Rg7 37. f3+ Kf5 38. g4+ Ke6 39. h5 Kf6 40. Bf4 Re8+ 41. Be5+ Kg5 42. Kf2 Rge7 43. Kg3 Re6 44. f4+ Kh6 45. g5+ Kh7 46. Kg4 R8e7 47. Rh2 a4 48. Re2 b4 49. f5 Ra6 50. f6 Rea7 51. g6+ Kg8 52. h6 a3 53. b3 cxb3 54. cxb3 Rc6 55. h7+ Rxh7 56. gxh7+ Kxh7 57. f7 Rc8 58. Kg5 1-0

[Event "DCC Back to School"]
[Site "Toronto CAN"]
[Date "2000.09.13"]
[Round "2"]
[White "Nadeau, Richard"]
[Black "Cohen, David"]
[Result "0-1"]
[WhiteElo "1802"]
[BlackElo "1966"]
[PlyCount "108"]
[GameId "2160767911652516"]
[EventDate "2000.09.06"]
[EventType "swiss"]
[EventRounds "5"]
[EventCountry "CAN"]

1. e4 e5 2. Nf3 Nc6 3. Bc4 Nf6 4. d4 exd4 5. e5 d5 6. Bb5 Ne4 7. Nxd4 Bd7 8. Bxc6 bxc6 9. O-O Be7 10. Be3 O-O 11. Nd2 Ng5 12. c4 Ne6 13. Qc2 Nxd4 14. Bxd4 c5 15. Be3 d4 16. Bf4 Be6 17. Qd3 Qd7 18. Ne4 Bf5 19. Rad1 Qc6 20. Rfe1 Qg6 21. Qe2 Rab8 22. b3 Bxe4 23. Qxe4 Qxe4 24. Rxe4 Rb6 25. Rd3 Re6 26. Bg3 f5 27. exf6 Rxe4 28. f3 Re6 29. fxe7 Rxe7 30. Kf1 Rfe8 31. Rd2 Kf7 32. Bf2 Re6 33. Bg3 R8e7 34. Bh4 Rd7 35. Bf2 Rh6 36. h3 Re6 37. Rd3 Rde7 38. Rd2 Ke8 39. Bh4 Rd7 40. Bf2 Kf7 41. Rd3 Kf6 42. Bh4+ Kf5 43. Bg3 Re3 44. Rd2 Rde7 45. Bf2 Rc3 46. g3 Rc1+ 47. Kg2 Ra1 48. g4+ Kf4 49. Rb2 d3 50. Bg3+ Kg5 51. f4+ Kg6 52. Kf3 Rf1+ 53. Kg2 Re2+ 54. Rxe2 dxe2 0-1

[Event "DCC Back to School"]
[Site "Toronto CAN"]
[Date "2000.09.20"]
[Round "3"]
[White "Benson, Christopher"]
[Black "Cohen, David"]
[Result "1/2-1/2"]
[WhiteElo "1986"]
[BlackElo "1966"]
[PlyCount "118"]
[GameId "2160767911652517"]
[EventDate "2000.09.06"]
[EventType "swiss"]
[EventRounds "5"]
[EventCountry "CAN"]

1. e4 e5 2. Nf3 Nc6 3. Bb5 a6 4. Ba4 Nf6 5. O-O b5 6. Bb3 Be7 7. Re1 O-O 8. a4 Rb8 9. d3 d5 10. exd5 Nxd5 11. axb5 axb5 12. Nxe5 Nxe5 13. Rxe5 c6 14. Bxd5 cxd5 15. Re1 Rb6 16. Bf4 Rg6 17. Nc3 b4 18. Ne2 Bg4 19. Qd2 Qb6 20. Qe3 Qf6 21. Qe5 Qh4 22. Bg3 Qg5 23. Nf4 Bd6 24. Qxg5 Rxg5 25. Ne2 Bxg3 26. Nxg3 Be6 27. Ne2 Bh3 28. Nf4 Bg4 29. Ra4 b3 30. c3 h6 31. Rb4 Rf5 32. g3 g5 33. Ng2 Rf3 34. Rxg4 Rxd3 35. Rd4 Rf3 36. Rxd5 Ra8 37. Ne3 Ra2 38. Nf5 Rxb2 39. Nxh6+ Kh7 40. Ng4 Rxc3 41. Rxg5 Rbc2 42. Ne3 Rc1 43. Nd1 Rd3 44. Rb5 Rdxd1 45. Rxd1 Rxd1+ 46. Kg2 Rd3 47. h4 Kg6 48. Kf1 Kf6 49. Ke2 Rc3 50. Kd2 Rf3 51. Kc1 Rxf2 52. Rxb3 Kf5 53. Kd1 Kg4 54. Ke1 Ra2 55. Re3 f5 56. Re2 Ra3 57. Rg2 Kf3 58. Rf2+ Kxg3 59. Rxf5 Kxh4 1/2-1/2

[Event "DCC Back to School"]
[Site "Toronto CAN"]
[Date "2000.09.27"]
[Round "4"]
[White "Cohen, David"]
[Black "Dutton, Warren"]
[Result "1/2-1/2"]
[WhiteElo "1978"]
[BlackElo "2080"]
[PlyCount "38"]
[GameId "2160767911652518"]
[EventDate "2000.09.06"]
[EventType "swiss"]
[EventRounds "5"]
[EventCountry "CAN"]

1. e4 e6 2. d4 d5 3. exd5 exd5 4. Nf3 Nf6 5. Bg5 Be7 6. Be2 O-O 7. O-O c6 8. Nc3 h6 9. Bf4 Bf5 10. Re1 Nbd7 11. Bd3 Bxd3 12. Qxd3 Bb4 13. Re2 Qa5 14. Bd2 Rfe8 15. a3 Rxe2 16. Nxe2 Bxd2 17. Qxd2 Qxd2 18. Nxd2 Re8 19. Kf1 g6 1/2-1/2

[Event "DCC Back to School"]
[Site "Toronto CAN"]
[Date "2000.10.04"]
[Round "5"]
[White "Nozari, Nosrat"]
[Black "Cohen, David"]
[Result "1/2-1/2"]
[WhiteElo "1892"]
[BlackElo "1978"]
[PlyCount "106"]
[GameId "2160767911652519"]
[EventDate "2000.09.06"]
[EventType "swiss"]
[EventRounds "5"]
[EventCountry "CAN"]

1. d4 d5 2. c4 c6 3. Nc3 e6 4. Nf3 Nf6 5. Qc2 Be7 6. e3 O-O 7. Bd3 dxc4 8. Bxc4 Nbd7 9. e4 Re8 10. O-O Nf8 11. Bg5 Qc7 12. Rad1 b5 13. Bb3 a6 14. Ne2 Bb7 15. Rc1 Rac8 16. Qd3 c5 17. Bxf6 c4 18. Qe3 Bxf6 19. e5 Be7 20. Ng3 Qc6 21. Bc2 Ng6 22. Be4 Qb6 23. Bxb7 Qxb7 24. Ne4 Red8 25. Rfd1 Rd7 26. b3 cxb3 27. axb3 Rcd8 28. Rc2 Qb8 29. Rdc1 Nh4 30. Nxh4 Bxh4 31. Nd6 Be7 32. Rc8 Qa7 33. Qf4 Bxd6 34. exd6 Qb6 35. Rxd8+ Qxd8 36. Rc7 f6 37. Qc1 Kf7 38. Qc6 Rxc7 39. Qxc7+ Ke8 40. Qc6+ Qd7 41. Qxa6 Kd8 42. Kf1 Qc8 43. Qb6+ Kd7 44. Qc5 Qc6 45. h3 Qxd6 46. Qxb5+ Kd8 47. Qc4 Kd7 48. Ke2 Qf4 49. Qd3 Qc1 50. g3 Qb2+ 51. Kf3 g6 52. Ke4 Qxf2 53. Qb5+ Kd6 1/2-1/2

[Event "DCC Fall Saturday Swiss"]
[Site "Toronto CAN"]
[Date "2000.09.09"]
[Round "1"]
[White "Cohen, David"]
[Black "Armstrong, Tavish"]
[Result "1-0"]
[WhiteElo "1966"]
[BlackElo "1259"]
[PlyCount "67"]
[GameId "2160767911652514"]
[EventDate "2000.09.09"]
[EventType "swiss"]
[EventRounds "5"]
[EventCountry "CAN"]

1. e4 e6 2. d4 d5 3. e5 c5 4. c3 Qb6 5. f4 Nc6 6. Nf3 Bd7 7. Be2 O-O-O 8. Qb3 Qc7 9. Bd2 c4 10. Qc2 f6 11. b3 cxb3 12. axb3 h5 13. Na3 Bxa3 14. Rxa3 Nge7 15. Bd3 f5 16. Ng5 Rdf8 17. O-O Kb8 18. Rfa1 Nc8 19. Nf3 Nd8 20. c4 dxc4 21. bxc4 Nf7 22. Qb2 Ka8 23. Qa2 Qb8 24. Ba5 a6 25. d5 Qa7+ 26. Qf2 Qb8 27. Nd4 exd5 28. cxd5 Be8 29. Bxf5 Nh6 30. Bxc8 Qxc8 31. Rc3 Qd7 32. Ne6 Rf7 33. Rac1 Qa4 34. Rc8# 1-0

[Event "DCC Lazy, Hazy Days of Summer"]
[Site "Toronto CAN"]
[Date "2000.08.23"]
[Round "4"]
[White "Boross-Harmer, Peter"]
[Black "Cohen, David"]
[Result "0-1"]
[WhiteElo "1943"]
[BlackElo "1966"]
[PlyCount "78"]
[GameId "2160767911652923"]
[EventDate "2000.08.02"]
[EventType "swiss"]
[EventRounds "5"]
[EventCountry "CAN"]

1. c4 e5 2. Nc3 Nf6 3. g3 Bc5 4. Bg2 O-O 5. Nf3 Nc6 6. O-O Re8 7. a3 d6 8. d3 Be6 9. Bg5 h6 10. Bh4 Nd4 11. Bxf6 gxf6 12. Nxd4 Bxd4 13. Bxb7 Rb8 14. Bc6 Rxb2 15. Na4 Rb8 16. Rb1 Rxb1 17. Qxb1 Bd7 18. Qb5 Bxc6 19. Qxc6 Re7 20. e3 Bb6 21. Nc3 Re6 22. Nd5 Kg7 23. Ra1 Qe8 24. Qxe8 Rxe8 25. a4 Ba5 26. Rb1 c6 27. Rb7 cxd5 28. Rxa7 Bb6 29. Ra6 Bc5 30. cxd5 Rb8 31. Kg2 Rb3 32. d4 exd4 33. exd4 Ba3 34. a5 Rd3 35. Rb6 Rxd4 36. Rb5 Bc5 37. a6 Ra4 38. f3 Rxa6 39. Rb2 Ra4 0-1

[Event "DCC Lazy, Hazy Days of Summer"]
[Site "Toronto CAN"]
[Date "2000.08.30"]
[Round "5"]
[White "Cohen, David"]
[Black "Lancia, Nicholas"]
[Result "1/2-1/2"]
[WhiteElo "1966"]
[BlackElo "1807"]
[PlyCount "128"]
[GameId "2160767911652924"]
[EventDate "2000.08.02"]
[EventType "swiss"]
[EventRounds "5"]
[EventCountry "CAN"]

1. e4 c5 2. Nf3 d6 3. d4 cxd4 4. Nxd4 Nf6 5. Nc3 a6 6. Bg5 e6 7. Be2 Qb6 8. O-O Nbd7 9. Nb3 Be7 10. Qd2 O-O 11. Rad1 Re8 12. Qf4 Qc7 13. Qg3 b5 14. a3 Bb7 15. Bf3 Rac8 16. Bf4 e5 17. Be3 Nb6 18. Bh6 g6 19. Bg5 Kh8 20. Bxf6+ Bxf6 21. Be2 Red8 22. Qf3 Kg7 23. Bd3 Nc4 24. Bxc4 Qxc4 25. Na5 Qc7 26. Nxb7 Qxb7 27. Nd5 Be7 28. Qd3 Rc4 29. c3 a5 30. Rfe1 Rc5 31. Qe3 Rdc8 32. Rd3 h6 33. Nxe7 Qxe7 34. Red1 R8c6 35. Qd2 Rc4 36. f3 b4 37. Kf1 bxa3 38. bxa3 Ra4 39. Qb2 Qf6 40. Qb5 Rac4 41. Qxa5 Rxe4 42. Qd5 Rec4 43. a4 e4 44. Re3 R6c5 45. Qxd6 Qxd6 46. Rxd6 Rxa4 47. fxe4 Rac4 48. Rdd3 Kf6 49. Ke2 Ke5 50. Rd7 Ke6 51. Rdd3 Ke5 52. Rd5+ Rxd5 53. exd5+ Kxd5 54. Kd3 Rf4 55. g3 Ra4 56. Re7 f6 57. Rg7 Rg4 58. c4+ Kd6 59. Rg8 h5 60. Rd8+ Kc7 61. Rg8 Kc6 62. Rc8+ Kd7 63. Rg8 Kc6 64. Rc8+ Kd7 1/2-1/2

[Event "DCC Summer Sizzler"]
[Site "Toronto CAN"]
[Date "2000.07.22"]
[Round "2"]
[White "Vadachkoriya, Irakli"]
[Black "Sherman, Robert"]
[Result "0-1"]
[WhiteElo "1955"]
[BlackElo "1890"]
[PlyCount "60"]
[GameId "2160767911653287"]
[EventDate "2000.07.15"]
[EventType "swiss"]
[EventRounds "5"]
[EventCountry "CAN"]
[SourceTitle "CFC 2000.10"]
[Source "CFC"]
[SourceDate "2000.10.??"]
[SourceVersionDate "2000.10.??"]
[SourceQuality "1"]

1. e4 e5 2. Nf3 Nc6 3. Bc4 Nf6 4. d3 Bc5 5. Nc3 d6 6. Bg5 Be6 7. Nd5 Bxd5 8. Bxd5 h6 9. Bh4 g5 10. Bxc6+ bxc6 11. Bg3 Rb8 12. Rb1 Qe7 13. O-O h5 14. h3 g4 15. hxg4 hxg4 16. Nh2 Qf8 17. c3 Qh6 18. Re1 Nh5 19. Qxg4 Nxg3 20. Qxg3 Ke7 21. Qh3 Qf4 22. Qf3 Qxh2+ 23. Kf1 Rh4 24. d4 Rf4 25. Qe3 exd4 26. cxd4 Bb4 27. Red1 Rg8 28. Ke2 Rxg2 29. Rf1 Qh5+ 30. Kd3 Rf3 0-1

[Event "Dance o Power"]
[Site "Edmonton CAN"]
[Date "2000.11.16"]
[Round "3"]
[White "Ottosen, David"]
[Black "Quiring, John"]
[Result "1-0"]
[WhiteElo "2132"]
[BlackElo "1976"]
[PlyCount "49"]
[GameId "2160767911635795"]
[EventDate "2000.11.02"]
[EventType "swiss"]
[EventRounds "5"]
[EventCountry "CAN"]

1. d4 Nf6 2. Bg5 Ne4 3. h4 d5 4. e3 Nc6 5. Nf3 Bg4 6. Bd3 h6 7. Bf4 e6 8. Nbd2 Nxd2 9. Qxd2 Be7 10. O-O-O Nb4 11. Kb1 Nxd3 12. Qxd3 O-O 13. Rdg1 c5 14. Ne5 Bf5 15. Qe2 Bf6 16. g4 Be4 17. f3 Bxe5 18. Bxe5 f6 19. Bf4 g5 20. fxe4 gxf4 21. g5 Kf7 22. Qh5+ Ke7 23. gxf6+ Kd7 24. exd5 Rxf6 25. dxe6+ 1-0

[Event "Dance o Power"]
[Site "Edmonton CAN"]
[Date "2000.11.23"]
[Round "4"]
[White "Gardner, Robert"]
[Black "Ottosen, David"]
[Result "1-0"]
[WhiteElo "2327"]
[BlackElo "2132"]
[PlyCount "67"]
[GameId "2160767911635796"]
[EventDate "2000.11.02"]
[EventType "swiss"]
[EventRounds "5"]
[EventCountry "CAN"]

1. e4 c6 2. d4 d5 3. e5 c5 4. dxc5 Nc6 5. Nf3 Bf5 6. Be3 e6 7. c3 Qc7 8. Bb5 Nge7 9. O-O Ng6 10. Bd4 a6 11. Ba4 Be7 12. Re1 Nf4 13. Bc2 Bg4 14. Nbd2 g5 15. Nf1 Bh5 16. Ng3 Bg6 17. b4 h5 18. Bxg6 Nxg6 19. Qa4 g4 20. Nd2 h4 21. Ngf1 O-O-O 22. b5 axb5 23. Qxb5 Rh5 24. a4 Ngxe5 25. a5 Na7 26. Qe2 Nd7 27. a6 Nxc5 28. axb7+ Kxb7 29. Nb3 Bd6 30. Reb1 Ka8 31. Rxa7+ Qxa7 32. Nxc5 Bxc5 33. Bxc5 Qxc5 34. Qa6+ 1-0

[Event "Dimanche 2000.11.26"]
[Site "Montreal CAN"]
[Date "2000.11.26"]
[Round "1"]
[White "Bolduc, Steve"]
[Black "Brassard, Sylvain"]
[Result "1-0"]
[WhiteElo "2221"]
[BlackElo "1781"]
[PlyCount "73"]
[GameId "2160767911635645"]
[EventDate "2000.11.26"]
[EventType "tourn"]
[EventRounds "3"]
[EventCountry "CAN"]
[SourceTitle "hb 2011"]

1. d4 d5 2. c4 Nc6 3. Bf4 dxc4 4. e3 e5 5. dxe5 Qxd1+ 6. Kxd1 Be6 7. a3 Na5 8. Nd2 O-O-O 9. e4 Nb3 10. Rb1 Bxa3 11. bxa3 c3 12. Ngf3 Nc5 13. Kc2 cxd2 14. Nxd2 b6 15. Be3 Nd7 16. f4 f5 17. exf6 Ngxf6 18. Ba6+ Kb8 19. h3 Rhe8 20. Bd3 Bf5 21. Bxb6 axb6 22. exf5 Nd5 23. Rhe1 Ne3+ 24. Kc3 Nxg2 25. Rxe8 Rxe8 26. Rg1 Nxf4 27. Rxg7 Nc5 28. Bb5 Re3+ 29. Kb2 Rxh3 30. Bc6 Nb7 31. f6 Rh2 32. Kc2 Ng6 33. f7 Rf2 34. Bf3 Rxf3 35. Nxf3 Nd8 36. Rg8 Kc8 37. Ne5 1-0

[Event "Dimanche 2000.11.26"]
[Site "Montreal CAN"]
[Date "2000.12.03"]
[Round "2"]
[White "Bolduc, Steve"]
[Black "Prahov, Valentin"]
[Result "0-1"]
[WhiteElo "2221"]
[BlackElo "2174"]
[PlyCount "122"]
[GameId "2160767911635646"]
[EventDate "2000.11.26"]
[EventType "tourn"]
[EventRounds "3"]
[EventCountry "CAN"]
[SourceTitle "hb 2011"]

1. d4 c5 2. d5 e6 3. e4 exd5 4. exd5 a6 5. a4 d6 6. Nc3 g6 7. Be2 Bg7 8. Nf3 Bg4 9. O-O Ne7 10. Bg5 O-O 11. Nd2 Bxe2 12. Qxe2 f6 13. Qe6+ Kh8 14. Bf4 Nf5 15. Rae1 Nd7 16. Bxd6 Re8 17. Qxe8+ Qxe8 18. Rxe8+ Rxe8 19. Bf4 g5 20. Bg3 Nd4 21. Nc4 f5 22. Bc7 Bf8 23. Nd6 Bxd6 24. Bxd6 b5 25. axb5 axb5 26. h4 h6 27. Rd1 Nxc2 28. Nxb5 gxh4 29. Rd2 Nb4 30. Nc7 Re1+ 31. Kh2 Kg8 32. Ne6 Nf6 33. f3 Nbxd5 34. Nxc5 Ne3 35. Rd4 Neg4+ 36. fxg4 Nxg4+ 37. Rxg4+ fxg4 38. Na4 h5 39. Nc3 Kf7 40. g3 Ke6 41. Bc7 h3 42. Bf4 Rf1 43. b4 Rf2+ 44. Kh1 Rb2 45. b5 Rb3 46. Bd2 Ke5 47. Bf4+ Kd4 48. Ne2+ Kc4 49. Bc7 Rb1+ 50. Ng1 Kxb5 51. Be5 Rc1 52. Bb8 Kc4 53. Kh2 Rc2+ 54. Kh1 Kd3 55. Bf4 Ke4 56. Bb8 h2 57. Nh3 gxh3 58. Bd6 Kf3 59. Bb8 Kg4 60. Bd6 Rc1+ 61. Kxh2 Rc2+ 0-1